LDR 00931naa#a2200193#i#450# 001 EN\\bibl\120743 005 20260513190917.3 011 ## _a2687-0185 100 ## _a20251202b2025####ek#y0engy0150####ca 102 ## _aRU 200 1# _aPREVENTIVE MEASURES USED BY MINERARY AFFAIRS BODIES TO PROTECT FROM SOCIALLY DANGEROUS ACTS IN THE INTERNET INFORMATION AND TELECOMMUNICATION NETWORK IN MODERN CONDITIONS _eJournal article 210 1# _aMoscow _cMoscow University of the Ministry of Internal Affairs of Russia named after V.Ya. Kikot _d2025 215 ## _a2 с. 608 ## _aJournal article _2local 675 ## _aПраво. Юридические науки. 34 _aГосударственное право. Конституционное право. Административное право. 342 _z 700 #1 _aPaliy _gVitaliy Mihaylovich 700 #1 _aFedorova _gInna Viktorovna 700 #1 _aEgorova _gValeriya Sergeevna 856 4# _amosumvd.editorum.ru _u